| 000 | 01248nam a22002537a 4500 | ||
|---|---|---|---|
| 005 | 20090725103839.0 | ||
| 008 | 090608t xxu||||| |||| 00| 0 hin d | ||
| 010 | _aHIN-87492 | ||
| 020 |
_a9788128812057 _c95.00 |
||
| 035 | _aHN-59838 | ||
| 037 | _bDBAD / PUB | ||
| 040 |
_adpl _bhn |
||
| 082 | _a240 | ||
| 245 |
_aमहाप्रज्ञ के अमृत वचन / _cनरेश शांडिल्य द्वारा संपादित |
||
| 246 |
_aMahapragya ke amrita vachana _bedited by Naresh Shandilya |
||
| 260 |
_aनई दिल्ली _bडायमंड पॉकेट बुक्स _c2009 |
||
| 270 |
_aएक्स-30, ओखला इंडस्ट्रियल एरिया, फेज-2 _bनई दिल्ली _e110020 _k011-41611861, 40712100 _l011-41611866 _msales@dpb.in |
||
| 300 |
_a196पृ. _c22सेमी (अजिल्द) |
||
| 650 | _aजैन धर्म | ||
| 650 | _aJainism | ||
| 700 | _aशांडिल्य, नरेश | ||
| 942 |
_2ddc _cHN _mमहाप्र _h240 |
||
| 999 |
_c28642 _d28642 |
||